Pokémon - Les attaques de Tritox - Statistiques

Statistiques générales
  • Ce quiz a été pris 14 fois
  • Le résultat moyen est 10 sur 14
Statistiques - réponses
Niveaux Types Noms des coups % Correct
Niveau 10 Feu Flammèche
100%
Niveau 50 Feu Lance-Flammes
100%
Niveau 55 Poison Toxik
100%
Niveau 35 Poison Choc Venin
86%
Niveau 40 Dragon Draco-Choc
86%
Départ Normal Griffe
86%
Départ Poison Gaz Toxik
71%
Niveau 25 Ténèbres Machination
71%
Niveau 30 Feu Calcination
57%
Niveau 15 Poison Crochet Venin
57%
Niveau 5 Poison Purédpois
57%
Niveau 45 Poison Piège de Venin
43%
Niveau 20 Normal Doux Parfum
29%
Niveau 60 Normal Effort
29%
Aucun quiz correspondant
Distribution des résultats
% des personnes avec chaque résultat
Percentile par nombre de réponses
Votre historique - résultats
Vous n’avez pas pris ce quiz